000 00242nam a2200097Ia 4500
001 808736
005 20250826171255.0
008 250824s9999 xx 000 0 und d
245 0 _aSİYAH KAN
_cJEAN CHRISTOPHE GRANGE
260 _bDOĞAN YAYINLARI
999 _c808736
_d808736